000 00231nam a2200097Ia 4500
001 998411
005 20250826221542.0
008 250824s9999 xx 000 0 und d
245 0 _aÇALINAN MEKTUP
_cEDGAR ALLAN POE
260 _bKETEBE
999 _c998411
_d998411